Œdipe africain (Record no. 127431)
[ view plain ]
| 000 -LEADER | |
|---|---|
| fixed length control field | 00677cam a2200217u 4500 |
| 001 - CONTROL NUMBER | |
| control field | 6613316 |
| 003 - CONTROL NUMBER IDENTIFIER | |
| control field | ARRUPE |
| 005 - DATE AND TIME OF LATEST TRANSACTION | |
| control field | 20180118092105.0 |
| 008 - FIXED-LENGTH DATA ELEMENTS--GENERAL INFORMATION | |
| fixed length control field | 840302s1966 fr ab 000 0 fre |
| 010 ## - LIBRARY OF CONGRESS CONTROL NUMBER | |
| LC control number | 67109085 |
| 040 ## - CATALOGING SOURCE | |
| Original cataloging agency | DLC |
| Transcribing agency | CarP |
| Modifying agency | DLC |
| 050 00 - LIBRARY OF CONGRESS CALL NUMBER | |
| Classification number | BF175 |
| Item number | .O78 |
| 300 ## - PHYSICAL DESCRIPTION | |
| Other physical details | illus. (part col.), map. |
| Dimensions | 22 cm. |
| 100 1# - MAIN ENTRY--PERSONAL NAME | |
| Personal name | Ortigues, Marie Cécile. |
| 9 (RLIN) | 38688 |
| 245 10 - TITLE STATEMENT | |
| Title | Œdipe africain |
| Statement of responsibility, etc | Marie-Cecile and edmond Ortigues |
| 250 ## - EDITION STATEMENT | |
| Edition statement | Revised ed. |
| 260 ## - PUBLICATION, DISTRIBUTION, ETC. (IMPRINT) | |
| Place of publication, distribution, etc | Paris, |
| Name of publisher, distributor, etc | Editions L'Harmattan |
| Date of publication, distribution, etc | 1984 |
| 300 ## - PHYSICAL DESCRIPTION | |
| Extent | 324 p. ; |
| 650 #0 - SUBJECT ADDED ENTRY--TOPICAL TERM | |
| Topical term or geographic name as entry element | Oedipus complex. |
| 9 (RLIN) | 38689 |
| 650 #0 - SUBJECT ADDED ENTRY--TOPICAL TERM | |
| Topical term or geographic name as entry element | Black race |
| General subdivision | Psychology. |
| 9 (RLIN) | 37584 |
| 700 1# - ADDED ENTRY--PERSONAL NAME | |
| Personal name | Ortigues, Edmond, [from old catalog] |
| Relator term | joint author. |
| 9 (RLIN) | 38690 |
| 906 ## - LOCAL DATA ELEMENT F, LDF (RLIN) | |
| a | 0 |
| b | cbc |
| c | premunv |
| d | u |
| e | ncip |
| f | 19 |
| g | y-gencatlg |
| 942 ## - ADDED ENTRY ELEMENTS (KOHA) | |
| Source of classification or shelving scheme | Library of Congress Classification |
| Koha item type | Monograph ( Printed materials) |
| Withdrawn status | Lost status | Source of classification or shelving scheme | Damaged status | Not for loan | Collection code | Home library | Current library | Shelving location | Date acquired | Total Checkouts | Full call number | Barcode | Date last seen | Price effective from | Koha item type |
|---|---|---|---|---|---|---|---|---|---|---|---|---|---|---|---|
| Library of Congress Classification | Main Collection | ARRUPE LIBRARY | ARRUPE LIBRARY | Main Collection | 18/01/2018 | BF175 .O78 | 46600001217 | 18/01/2018 | 18/01/2018 | Monograph ( Printed materials) |